Premier League Teams By Logo - Statistics

General Stats
  • This quiz has been taken 142 times
  • The average score is 17 of 20
Answer Stats
Picture Answer % Correct
Arsenal
100%
Aston Villa
93%
Liverpool
89%
Bournemouth
87%
Chelsea
87%
Brighton
86%
Manchester City
86%
Manchester United
85%
Everton
84%
Nottingham Forest
84%
Tottenham Hotspur
84%
Leeds United
83%
Brentford
82%
Crystal Palace
80%
Newcastle
80%
West Ham
78%
Wolves
78%
Fulham
76%
Sunderland
70%
Burnley
64%
No matching quizzes found
Score Distribution
Percent of People with Each Score
Percentile by Number Answered
Your Score History
You have not taken this quiz